00359pab a2200133 454500008004000000100002200040245006800062260000900130300001100139362001100150650002300161650002100184773002000205180718b2015 xxu||||| |||| 00| 0 eng d aSrivastava, Gouri aGender concerns in education policies: Past, present and future c2015 ap.3-6. a30 Mar aEducational policy aWomens education aUniversity News